Destructor de los dioses: el cristianismo en el mundo antiguo

Saved in:
Bibliografiske detaljer
Hovedforfatter: Hurtado, Larry W (Author)
Format: Bog
Sprog:spansk
Udgivet: Salamanca Ediciones Sígueme 2017
Udgivelse:1a. ed
Serier:Biblioteca de Estudios Bíblicos, 155
Fag:
Tags: Tilføj Tag
Ingen Tags, Vær først til at tagge denne postø!

MARC

LEADER 00000cam a2200000 a 4500
001 UCC1201
003 CL-VaPUC
008 171006e20170000sp |||||||||||||||||spa|d
020 |a 9788430119585 
082 0 4 |a 270.1  |b HUR  |2 21 
100 |a Hurtado, Larry W  |e author  |9 595244 
245 1 0 |a Destructor de los dioses: el cristianismo en el mundo antiguo 
250 |a 1a. ed 
300 |a 286 p 
942 |c BK 
945 |d 20171006 11:09:00  |a arojas 
260 |a Salamanca  |b Ediciones Sígueme  |c 2017 
650 7 |a CRISTIANISMO ANTIGUO  |2 CL-VaPUC  |9 595245 
650 0 |a Cristología   |9 315091 
650 0 |a Mundo antiguo  |9 486553 
583 |a last modification  |c 20171006 11:09:00  |k Rodrigo Vera 
490 0 |a Biblioteca de Estudios Bíblicos, 155 
999 |c 369769  |d 369767 
952 |0 0  |1 0  |3 erb  |4 0  |6 270_100000000000000_HUR_2017  |7 0  |8 A  |9 485857  |a BIBTEO  |b BIBTEO  |i 5427754  |o 270.1 HUR 2017  |p 5427754  |r 2025-01-17  |w 2019-11-24  |y BK  |z Catalogado en:20171006  |k ICR